[Event "Oslo ASKO op"]
[Site "Oslo"]
[Date "2006.11.24"]
[Round "1"]
[White "Sloper, Christian"]
[Black "Lillevold, Frode"]
[Result "0-1"]
[WhiteElo "1503"]
[BlackElo "2000"]
[PlyCount "118"]
[EventDate "2006.11.24"]
[EventType "swiss"]
[EventRounds "5"]
[EventCountry "NOR"]
[SourceTitle "EXT 2008"]
[Source "ChessBase"]
[SourceDate "2007.11.25"]
[SourceVersion "1"]
[SourceVersionDate "2007.11.25"]
[SourceQuality "1"]

1. e4 e5 2. Nf3 Nc6 3. Bb5 a6 4. Ba4 Nf6 5. 0-0 Nxe4 6. d4 b5 7. Bb3 d5 8. dxe5 Be6 9. Nbd2 Bc5 10. Nxe4 dxe4 11. Bxe6 fxe6 12. Ng5 Qxd1 13. Rxd1 0-0 14. Nxe4 Bb6 15. Be3 Bxe3 16. fxe3 Rf5 17. Rd7 Rc8 18. Ng3 Rxe5 19. Rf1 Rd5 20. Rff7 Rd1+ 21. Kf2 Rxd7 22. Rxd7 Rf8+ 23. Ke2 Rf7 24. Rd2 Ne5 25. Rd8+ Rf8 26. Rxf8+ Kxf8 27. Ne4 Ke7 28. b3 Nd7 29. b4 e5 30. Kd3 Ke6 31. c4 h6 32. h3 h5 33. g3 Kf5 34. cxb5 axb5 35. Nc3 c6 36. e4+ Kg5 37. Ke3 Nb6 38. Kf3 h4 39. g4 g6 40. a3 Kf6 41. Ke2 g5 42. Kd3 Ke6 43. Nb1 Nc4 44. Nd2 Nb6 45. Nb3 Nc4 46. Nd2 Nd6 47. Nf1 Nc8 48. Ne3 Ne7 49. Nf5 Ng6 50. Ng7+ Kf7 51. Nf5 Nf4+ 52. Ke3 Nxh3 53. Nd6+ Ke6 54. Nb7 Nf4 55. Kf2 Nd3+ 56. Kf3 Kd7 57. Na5 Ne1+ 58. Kf2 Nc2 59. Nb3 Nxa3 0-1